Mastering CAD/CAM / (Record no. 10998)
[ view plain ]
| 000 -LEADER | |
|---|---|
| fixed length control field | 01820cam a22003254a 4500 |
| 001 - CONTROL NUMBER | |
| control field | 13512757 |
| 005 - DATE AND TIME OF LATEST TRANSACTION | |
| control field | 20061101084853.0 |
| 008 - FIXED-LENGTH DATA ELEMENTS--GENERAL INFORMATION | |
| fixed length control field | 040305s2005 maua | b 001 0 eng d |
| 010 ## - LIBRARY OF CONGRESS CONTROL NUMBER | |
| LC control number | 2004042608 |
| 020 ## - INTERNATIONAL STANDARD BOOK NUMBER | |
| International Standard Book Number | 0072868457 (alk. paper) |
| 020 ## - INTERNATIONAL STANDARD BOOK NUMBER | |
| International Standard Book Number | 9780072868456 |
| 040 ## - CATALOGING SOURCE | |
| Original cataloging agency | DLC |
| Transcribing agency | DLC |
| Modifying agency | DLC |
| 042 ## - AUTHENTICATION CODE | |
| Authentication code | pcc |
| 050 00 - LIBRARY OF CONGRESS CALL NUMBER | |
| Classification number | TS155.6 |
| Item number | .Z455 2005 |
| 082 00 - DEWEY DECIMAL CLASSIFICATION NUMBER | |
| Classification number | 670.285 |
| Edition number | 22 |
| Item number | ZEI |
| 100 1# - MAIN ENTRY--PERSONAL NAME | |
| Personal name | Zeid, Ibrahim. |
| 9 (RLIN) | 13401 |
| 245 10 - TITLE STATEMENT | |
| Title | Mastering CAD/CAM / |
| Statement of responsibility, etc | Ibrahim Zeid. |
| 260 ## - PUBLICATION, DISTRIBUTION, ETC. (IMPRINT) | |
| Place of publication, distribution, etc | Boston : |
| Name of publisher, distributor, etc | McGraw-Hill Higher Education, |
| Date of publication, distribution, etc | c2005. |
| 300 ## - PHYSICAL DESCRIPTION | |
| Extent | xxviii, 962 p. : |
| Other physical details | ill. ; |
| Dimensions | 24 cm. |
| 504 ## - BIBLIOGRAPHY, ETC. NOTE | |
| Bibliography, etc | Includes bibliographical references and index. |
| 650 #0 - SUBJECT ADDED ENTRY--TOPICAL TERM | |
| Topical term or geographic name as entry element | CAD/CAM systems. |
| 9 (RLIN) | 13402 |
| 856 42 - ELECTRONIC LOCATION AND ACCESS | |
| Materials specified | Publisher description |
| Uniform Resource Identifier | <a href="http://www.loc.gov/catdir/enhancements/fy0702/2004042608-d.html">http://www.loc.gov/catdir/enhancements/fy0702/2004042608-d.html</a> |
| 856 41 - ELECTRONIC LOCATION AND ACCESS | |
| Materials specified | Table of contents only |
| Uniform Resource Identifier | <a href="http://www.loc.gov/catdir/enhancements/fy0702/2004042608-t.html">http://www.loc.gov/catdir/enhancements/fy0702/2004042608-t.html</a> |
| 942 ## - ADDED ENTRY ELEMENTS (KOHA) | |
| Source of classification or shelving scheme | Dewey Decimal Classification |
| Item type | Book - Borrowing |
| Withdrawn status | Item status | Source of classification or shelving scheme | Damaged status | Not for loan | Vendor | Home library | Current library | Shelving location | Date acquired | Source of acquisition | Total Checkouts | Total Renewals | Full call number | Barcode | Date last seen | Date last borrowed | Koha item type |
|---|---|---|---|---|---|---|---|---|---|---|---|---|---|---|---|---|---|
| Dewey Decimal Classification | Baccah | Central Library | Central Library | First floor | 03/03/2009 | 3 | 4 | 670.285 ZEI | 000015202 | 15/07/2025 | 28/03/2013 | Book - Borrowing | |||||
| Dewey Decimal Classification | Baccah | Central Library | Central Library | First floor | 03/03/2009 | 1 | 670.285 ZEI | 000015201 | 15/07/2025 | 31/01/2012 | NB - Book (Non borrowing) | ||||||
| Dewey Decimal Classification | Baccah | Central Library | Central Library | First floor | 03/03/2009 | 9 | 45 | 670.285 ZEI | 000015200 | 15/07/2025 | 20/03/2017 | Book - Borrowing | |||||
| Dewey Decimal Classification | Baccah | Central Library | Central Library | First floor | 11/04/2010 | 6 | 17 | 670.285 ZEI | 000020578 | 15/07/2025 | 02/06/2013 | Book - Borrowing |